Gestión tecnológica en la empresa
Gespeichert in:
| Format: | Buch |
|---|---|
| Sprache: | Spanisch |
| Veröffentlicht: |
Santiago
CINDA
1990
|
| Ausgabe: | 1a. ed |
| Schriftenreihe: | Colección Ciencia y Tecnología, 27
|
| Schlagworte: | |
| Tags: |
Tag hinzufügen
Keine Tags, Fügen Sie den ersten Tag hinzu!
|
MARC
| LEADER | 00000cam a2200000 a 4500 | ||
|---|---|---|---|
| 001 | UCU4459 | ||
| 003 | CL-VaPUC | ||
| 008 | 960524e19900000CL |||||||||||||||||spa|d | ||
| 082 | 0 | 4 | |a 658 |b GES |2 21 |
| 245 | 1 | 0 | |a Gestión tecnológica en la empresa |
| 250 | |a 1a. ed | ||
| 300 | |a 357 p | ||
| 942 | |c BK | ||
| 945 | |d 19960524 00:00:00 |a rbrito | ||
| 260 | |a Santiago |b CINDA |c 1990 | ||
| 650 | 0 | |a Gestión |9 260993 | |
| 650 | 0 | |a Empresa |9 350507 | |
| 650 | 7 | |a INNOVACIONES TECNOLOGICAS |2 CL-VaPUC |9 362023 | |
| 650 | 0 | |a Tecnología |9 256742 | |
| 650 | 7 | |a PLANIFICACION |2 CL-VaPUC |9 260802 | |
| 650 | 0 | |a Marketing |9 259324 | |
| 583 | |a last modification |c 20120117 10:38:57 |k Rodrigo Vera | ||
| 490 | 0 | |a Colección Ciencia y Tecnología, 27 | |
| 999 | |c 248160 |d 248158 | ||
| 952 | |0 0 |1 0 |4 0 |6 658_000000000000000_GES_1990 |7 0 |8 A |9 264601 |a BIBENE |b BIBENE |d 2019-11-19 |i 3200930 |o 658 GES 1990 |p 3200930 |r 2025-01-15 |w 2019-11-19 |y BK |k ICO | ||
| 952 | |0 0 |1 0 |4 0 |6 658_000000000000000_GES_1990 |7 0 |8 A |9 264602 |a BIBENE |b BIBENE |d 2019-11-19 |i 3200949 |o 658 GES 1990 |p 3200949 |r 2025-01-15 |w 2019-11-19 |y BK |k ICO | ||
| 952 | |0 0 |1 0 |4 0 |6 658_000000000000000_GES_1990 |7 0 |8 ED_SUP |9 264603 |a BIBGIM |b BIBGIM |c S_PSTGRDO |d 2019-11-19 |i 4836154 |o 658 GES 1990 |p 4836154 |r 2025-01-15 |w 2019-11-19 |y BK_X |k ESU | ||